[Event "Rafaela IRT U1700"]
[Site "Rafaela"]
[Date "2019.09.01"]
[Round "6.6"]
[White "Monserrat, Marcelo"]
[Black "Albertengo, Matias"]
[Result "0-1"]
[WhiteElo "1431"]
[BlackElo "1469"]
[PlyCount "68"]
[EventDate "2019.08.31"]
[EventType "swiss"]
[EventRounds "6"]
[EventCountry "ARG"]
[SourceTitle "EXT 2024"]
[Source "ChessBase"]
[SourceDate "2023.10.10"]
[SourceVersion "1"]
[SourceVersionDate "2023.10.10"]
[SourceQuality "1"]

1. e4 e6 2. d4 d5 3. exd5 exd5 4. Nf3 Bd6 5. Nc3 c6 6. Bg5 f6 7. Be3 Ne7 8. Bd3 Bf5 9. Qd2 Bxd3 10. Qxd3 Qc8 11. 0-0-0 Qf5 12. Qd2 Nd7 13. Nh4 Qg4 14. g3 0-0-0 15. h3 Qh5 16. Bf4 Bxf4 17. Qxf4 Ng6 18. Nxg6 Qxg6 19. Rde1 Rhe8 20. Qd6 Nb6 21. Qf4 Rxe1+ 22. Rxe1 Re8 23. Qg4+ Qxg4 24. Rxe8+ Kd7 25. hxg4 Kxe8 26. Kd2 Nc4+ 27. Kc1 Kf7 28. b3 Nd6 29. Kd2 Kg6 30. Ke3 Kg5 31. f3 f5 32. gxf5 Nxf5+ 33. Kf2 Nxd4 34. Ne2 Nxc2 0-1

[Event "Santa Fe Rafaela U2200 op"]
[Site "Santa Fe"]
[Date "2019.05.04"]
[Round "1.7"]
[White "Monserrat, Marcelo"]
[Black "Agnello, Silvana"]
[Result "0-1"]
[WhiteElo "1440"]
[BlackElo "1974"]
[PlyCount "56"]
[EventDate "2019.05.04"]
[EventType "swiss"]
[EventRounds "6"]
[EventCountry "ARG"]
[SourceTitle "EXT 2024"]
[Source "ChessBase"]
[SourceDate "2023.10.10"]
[SourceVersion "1"]
[SourceVersionDate "2023.10.10"]
[SourceQuality "1"]

1. e4 d5 2. exd5 Qxd5 3. d4 Nf6 4. c4 Qe4+ 5. Be3 Ng4 6. Nc3 Nxe3 7. Nxe4 Nxd1 8. Rxd1 Bf5 9. Bd3 e6 10. a3 Nc6 11. Ne2 Rd8 12. Bc2 Na5 13. Ba4+ c6 14. N2g3 Nxc4 15. Nxf5 exf5 16. Ng5 Be7 17. Nxf7 Kxf7 18. Bb3 b5 19. a4 Bb4+ 20. Ke2 Rhe8+ 21. Kf3 Kf6 22. axb5 Nd2+ 23. Rxd2 Bxd2 24. bxc6 Rxd4 25. Bc2 Rf4+ 26. Kg3 g5 27. Ra1 Be1 28. c7 Bxf2+ 0-1

[Event "Santa Fe Laguna Paiva op"]
[Site "Santa Fe"]
[Date "2019.03.10"]
[Round "6"]
[White "Monserrat, Marcelo"]
[Black "Costa, Nadia"]
[Result "0-1"]
[WhiteElo "1490"]
[BlackElo "1596"]
[PlyCount "72"]
[EventDate "2019.03.09"]
[EventType "swiss"]
[EventRounds "6"]
[EventCountry "ARG"]
[SourceTitle "CBM 189 Extra"]
[Source "ChessBase"]
[SourceDate "2019.06.03"]
[SourceVersion "1"]
[SourceVersionDate "2019.06.03"]
[SourceQuality "1"]

1. e4 e6 2. f4 d5 3. e5 c5 4. Nf3 Nc6 5. Bb5 Bd7 6. 0-0 Nxe5 7. fxe5 Bxb5 8. c4 Bxc4 9. d3 Bb5 10. Nc3 Bc6 11. Ng5 Nh6 12. Qf3 Qe7 13. a4 g6 14. Nb5 Bxb5 15. axb5 Bg7 16. b4 0-0 17. bxc5 Qxc5+ 18. Be3 Qe7 19. d4 Nf5 20. Nh3 Nxe3 21. Qxe3 Qh4 22. b6 a6 23. Ra5 Rac8 24. Nf2 Rc4 25. g4 Bh6 26. Qe2 Rxd4 27. Rc5 Rb4 28. Rc7 Rxb6 29. Qf3 Qd8 30. g5 Bxg5 31. Ng4 Qxc7 32. Nf6+ Bxf6 33. exf6 Qe5 34. Qh3 h5 35. Qf3 Rb2 36. Qh3 Rc8 0-1